Every Recipient of a Congressional Gold Medal - Statistics

General Stats
  • This quiz has been taken 7 times
  • The average score is 41 of 290
Answer Stats
Country/State of Birth
Date Awarded
m/d/yyyy
Answer Category % Correct
Colony of Virginia 3/25/1776 George Washington World Leader
100%
United Kingdom of Great Britain and Ireland 5/7/1969 Winston Churchill World Leader
100%
Waxhaws/Province of North Carolina 2/27/1815 Andrew Jackson World Leader Genocider
80%
Illinois, United States 10/21/1998 Betty Anne Ford Activist
80%
Texas, United States 5/8/1984 Claudia "Lady Bird" Johnson Business
80%
Chíńlį́, Naabeehó Bináhásdzo 12/21/2000 Cozy S. Brown Military
80%
Nebraska, United States 10/21/1998 Gerald Ford, Jr. World Leader
80%
Province of Pennsylvania 11/3/1814 Jacob Jennings Brown Military
80%
Chíńlį́, Naabeehó Bináhásdzo 12/21/2000 John Brown, Jr. Military
80%
West Virginia, United States 11/8/2019 Katherine Johnson Science
80%
Georgia, United States 10/25/2004 Martin Luther King, Jr. Civil Rights
80%
Virginia, United States 11/8/2019 Mary Jackson Science
80%
New York, United States 7/27/2000 Nancy Reagan Politician
80%
South Africa 7/29/1998 Nelson Rolihlahla Mandela World Leader
80%
Massachusetts, United States 11/1/1978 Robert F. Kennedy Politician
80%
Illinois, United States 7/27/2000 Ronald Reagan World Leader
80%
California, United States 11/26/2024 Billie Jean King Sports
60%
Michigan, United States 5/4/1928 Charles Lindbergh Aviator
60%
Alabama, United States 10/25/2004 Coretta Scott King Civil Rights
60%
Ohio, United States 3/22/1946 Ernest J. King Military
60%
Republic of Poland 7/27/2000 John Paul II World Leader
60%
Canada 3/6/1980 Kenneth D. Taylor Diplomat
60%
Alabama, United States 5/4/1999 Rosa Parks Civil Rights
60%
Scotland, United Kingdom 7/18/2003 Tony Blair World Leader
60%
Ohio, United States 12/17/1863 Ulysses S. Grant World Leader
60%
T’iis Názbąs, Naabeehó Bináhásdzo 12/21/2000 William "Bill" Diné Yazzie Military
60%
Colony of Virginia 4/4/1818 William Henry Harrison World Leader
60%
Virginia, United States 7/16/1846 3/2/1847 5/9/1848 Zachary Taylor World Leader
60%
Crown Colony of Burma 5/5/2008 Aung San Suu Kyi World Leader
40%
Texas, United States 10/16/2006 Byron Nelson, Jr. Sports
40%
New York, United States 1/28/1864 Cornelius Vanderbilt Business
40%
Arkansas, United States 10/21/1998 Ernest Gideon Green Civil Rights
40%
Bááh Díílid, Yootó Hahoodzo, United States 12/21/2000 Frank Danny Pete Military
40%
Missouri, United States 5/8/1984 Harry S. Truman World Leader
40%
Lower Counties on the Delaware, Pennsylvania 1/29/1813 Jacob Nicholas Jones Military
40%
Alabama, United States 9/20/1988 James "Jesse" Owens Sports
40%
Alabama, United States 8/26/1982 Joe Louis Sports
40%
Scotland (Kingdom of Great Britain) 10/17/1787 John Paul Jones Military
40%
Massachusetts, United States 8/27/1888 Joseph Francis Inventor
40%
South Carolina, United States 12/15/2003 Levi Pearson Civil Rights
40%
Ohio, United States 8/7/2009 Neil A. Armstrong Space
40%
Ohio, United States 3/4/1909 Orville Wright Inventor
40%
Sweden-Norway (Norway) 5/29/1928 Roald Engelbregt Gravning Amundsen Explorer
40%
Republic of China 2/13/1996 Ruth Graham Religious
40%
Republic of China (Ma Clique Qinghai) 9/27/2006 Tenzin Gyatso Religious
40%
Indiana, United States 3/4/1909 Wilbur Wright Inventor
40%
North Carolina, United States 2/13/1996 William "Billy" Graham, Jr. Religious
40%
Kentucky, United States 8/12/1946 Alben W. Barkley Politician
20%
Kʼaiʼbiiʼtó, Naabeehó Bináhásdzo 12/21/2000 Allen Dale June Military
20%
Province of Pennsylvania 7/26/1779 Anthony Wayne Military
20%
Sultanate of Egypt 12/13/2018 Anwar Sadat Politician
20%
Pennsylvania, United States 9/30/2009 Arnold D. Palmer Sports
20%
Texas, United States 5/23/1930 Ashley Chadbourne McKinley Explorer
20%
Netherlands 3/22/1982 Beatrix of the Netherlands Monarch
20%
Tséhootsooí, Naabeehó Bináhásdzo 12/21/2000 Benjamin H. Cleveland Military
20%
United Kingdom of Great Britain and Ireland 6/8/1962 Bob Hope Entertainment
20%
Arkansas, United States 10/21/1998 Carlotta Walls LaNier Civil Rights
20%
Alabama, United States 5/24/2013 Carole Robertson Victims
20%
Province of New Jersey 3/9/1781 Daniel Morgan Military
20%
Hoozdo Hahoodzo (Arizona), United States 12/21/2000 David Curley Military
20%
Michigan, United States 11/29/1983 Amos Muzyad Yaqoob Kairouz/ Danny Thomas Entertainment
20%
Ukrainian SSR (Soviet Union) 5/13/1986 Anatoly Borisovich Shcharansky/ Natan Sharansky Politician/ Chess
20%
Türkiye 10/6/1997 Bartholomaĩos I/ Dimítrios Archontónis Religious
20%
Chéchʼiltah, Naabeehó Bináhásdzo 12/21/2000 Chester Nez Military
20%
Tséyiʼ Bidááʼ, Naabeehó Bináhásdzo 12/21/2000 Jack Nez Military
20%
Tsiizizii, Naabeehó Bináhásdzo 12/21/2000 Joe Palmer/ Balmer Slowtalker Military
20%
Mississippi, United States 1/5/2023 Mamie E. Till-Mobley Civil Rights
20%
Ottoman Empire 6/2/1997 Mary "Mother" Teresa Bojaxhiu Religious
20%
Ukrainian SSR (Soviet Union) 5/13/1986 Natalia Stieglitz/ Avital Sharansky Activist
20%
Republic of Poland 6/9/2014 Szymon Perski/ Shimon Peres World Leader
20%
Empire of Brasil 3/4/1915 Domício da Gama Diplomat
20%
Arkansas, United States 10/9/1962 Douglas MacArthur Military
20%
New Jersey, United States 8/7/2009 Edwin E. "Buzz" Aldrin, Jr. Space
20%
Illinois, United States 1/5/2023 Emmett L. Till Lynching Victim
20%
New Jersey, United States 5/14/1997 Frank Sinatra Entertainment
20%
Pennsylvania, United States 8/26/1982 Fred Waring, Sr. Entertainment
20%
Pennsylvania, United States 3/22/1946 George C. Marshall, Jr. Military
20%
Maine, United States 3/1/1871 George F. Robinson Military
20%
Connecticut, United States 5/23/1930 Harold June Explorer
20%
Tséchʼízhí, Naabeehó Bináhásdzo 12/21/2000 Harry Tsosie Military
20%
Colony of Virginia 9/24/1779 Henry Lee III Military
20%
Kingdom of Great Britain 11/4/1777 Horatio Gates Military
20%
South Dakota, United States 6/13/1979 Hubert Humphrey, Jr. Politician
20%
Georgia, United States 10/29/2003 Jackie Robinson Sports
20%
Ohio, United States 12/16/2014 Jack Nicklaus Sports
20%
New Jersey, United States 1/11/1814 James Lawrence Military
20%
Arkansas, United States 10/21/1998 Jefferson Allison Thomas Civil Rights
20%
Nahashchʼidí, Naabeehó Bináhásdzo 12/21/2000 John Chee Military
20%
Ohio, United States 8/7/2009 John Herschel Glenn, Jr. Space
20%
Missouri, United States 8/7/1946 John J. Pershing Military
20%
Pennsylvania, United States 3/3/2000 John O'Connor Religious
20%
Indiana, United States 2/28/1929 John R. Kissinger Voluntary Human Experiment
20%
5/26/1979 John Wayne Entertainment
20%
Chíńlį́, Naabeehó Bináhásdzo 12/21/2000 Kin-Ya-Onny-Beyeh Military
20%
New York, United States 5/17/1990 Laurance S. Rockefeller Conservationist
20%
Naatʼáanii Nééz, Naabeehó Bináhásdzo 12/21/2000 Lloyd Oliver Military
20%
Arkansas, United States 10/21/1998 Melba Joy Patillo Beals Civil Rights
20%
Bengal Presidency, British Raj 10/5/2010 Muhammad Yunus World Leader
20%
Colony of Rhode Island and Providence Plantations 10/29/1781 Nathanael Greene Military
20%
Tsiizizii, Naabeehó Bináhásdzo 12/21/2000 Nelson S. Thompson Military
20%
Colorado, United States 12/16/2021 Nicole L. Gee Military
20%
Rhode Island, United States 1/6/1814 Oliver Hazard Perry Military
20%
Sweden 7/26/2012 Raoul Wallenberg Saved Lives/Diplomat
20%
Virginia, United States 5/23/1930 9/24/1945 Richard E. Byrd, Jr. Explorer
20%
Kansas, United States 9/15/2017 Robert "Bob" Dole Politician
20%
California, United States 9/13/1960 Robert Frost Poet
20%
Massachusetts, United States 9/16/1959 Robert Goddard Scientist
20%
Arkansas, United States 10/21/1998 Terrence James Roberts Civil Rights
20%
Ohio, United States 5/29/1928 Thomas Edison Business/ Inventor
20%
Delaware, United States 10/20/1814 Thomas Macdonough, Jr. Military
20%
Virginia, United States 11/3/1814 3/9/1848 Winfield Scott Military
20%
New York, United States 9/23/1986 Aaron Copland Entertainment
0%
Alabama, United States 5/24/2013 Addie Mae Collins Victims
0%
New Hampshire, United States 2/9/1929 Albert Cushing Read, Sr. Aviator
0%
New York, United States 2/28/1929 Albert W. Covington Voluntary Human Experiment
0%
New York, United States 7/18/1956 Albert Woolson Military
0%
Province of Québec 11/3/1814 Alexander Macomb Military
0%
Lókʼaʼchʼégai, Naabeehó Bináhásdzo 12/21/2000 Alfred Leonard Military
0%
Pennsylvania, United States 11/9/1988 Andrew Wyeth Entertainment
0%
Louisiana, United States 6/20/1938 Anna Bouligny Doctor
0%
Republic of Cuba in Arms 2/28/1929 Aristides Agramonte y Simoni Doctor
0%
United Kingdom of Great Britain and Ireland 7/6/1912 Arthur Rostron Rescue Worker/ Merchant
0%
Indiana, United States 5/23/1930 Arthur Treadwell Walden Explorer
0%
Illinois, United States 6/13/1979 Ben Abruzzo Aviator
0%
Kingdom of Hungary 12/29/2022 Ben Ferencz Lawyer
0%
Sweden-Norway (Norway) 5/23/1930 Bernt Balchen Explorer
0%
Alabama, United States 5/24/2013 Carol Denise McNair Victims
0%
South Carolina, United States 2/28/1929 Charles G. Sonntag Voluntary Human Experiment
0%
Minnesota, United States 6/20/2000 Charles M. Schulz Entertainment
0%
Pennsylvania, United States 2/22/1816 Charles Stewart Military
0%
New York, United States 9/30/1890 Charles W. Chipp Explorer
0%
Tocito, Naabeehó Bináhásdzo 12/21/2000 Charlie Tsosie Begay Military
0%
North Carolina, United States 11/8/2019 Christine Darden Science
0%
Ohio, United States 2/28/1929 Clyde L. West Voluntary Human Experiment
0%
New York, United States 4/23/1991 Colin L. Powell Military
0%
Papal States 7/1/2008 Constantino Brumidi Architect
0%
Alabama, United States 5/24/2013 Cynthia Wesley Victims
0%
Massachusetts, United States 3/2/1867 Cyrus West Field Business
0%
Nebraska, United States 12/16/2021 Daegan William-Tyeler Page Military
0%
Utah, United States 12/16/2021 Darin "Taylor" Hoover Military
0%
Maryland, United States 6/28/1902 David H. Jarvis Rescue Worker
0%
Texas, United States 12/16/2021 David L. Espinoza Military
0%
Vistula Land, Russian Empire 8/28/1958 6/23/1982 Hyman G. Rickover/ Chaim Gdala Rykower Scientist/ Military
0%
Russian Empire 7/16/1954 Irving Berlin/ Israel Isidore Beilin Musician
0%
New Jersey, United States 2/28/1929 James "Jack" A. Andrus/ John H. Andrus Voluntary Human Experiment
0%
Arkansas, United States 10/21/1998 Minnijean "Jean" Brown-Trickey Civil Rights
0%
Virginia, United States 12/3/2003 Dorothy Height Civil Rights
0%
Missouri, United States 11/8/2019 Dorothy Jean J. Vaughan Science
0%
South Carolina, United States 8/4/1854 Duncan Ingraham Diplomat/Military
0%
California, United States 12/16/2021 Dylan R. Merola Military
0%
Virginia, United States 11/3/1814 Edmund P. Gaines Military
0%
Chile 3/4/1915 Eduardo Suárez Mujica Diplomat
0%
Province of Massachusetts Bay 3/3/1805 Edward Preble Military
0%
South Carolina, United States 1/6/1814 Edward R. McCall Military
0%
Washington D.C., United States 7/1/2008 Edward W. Brooke III Politician
0%
New Jersey, United States 2/28/1929 Edward Weatherwalks Voluntary Human Experiment
0%
United States 7/26/1866 Edwin J. Low Rescue Worker/ Captain
0%
New Hampshire, United States 11/3/1814 Eleazer Wheelock Ripley Military
0%
Kingdom of Romania 5/8/1984 Elie Wiesel Author/ Professor/ Activist/ Holocaust Survivor
0%
Arkansas, United States 10/21/1998 Elizabeth Ann Eckford Civil Rights
0%
South Carolina, United States 12/15/2003 Eliza Briggs Civil Rights
0%
New York, United States 6/28/1902 Ellsworth P. Bertholf Rescue Worker
0%
New York, United States 2/9/1929 Elmer Fowler Stone Aviator
0%
Tó Haachʼiʼ, Naabeehó Bináhásdzo 12/21/2000 Eugene R. Crawford, Sr. Military
0%
Pennsylvania, United States 2/9/1929 Eugene S. Rhoads Aviator
0%
New York, United States 8/10/1939 Francis X. Quinn Saved Life
0%
Massachusetts, United States 5/3/1900 Frank H. Newcomb Military
0%
Canada 5/23/1930 Frank T. Davies Explorer
0%
United Kingdom of Great Britain and Ireland 5/11/1858 Frederick Rose Doctor
0%
District of Kentucky, Virginia 2/13/1835 George Croghan Military
0%
Maryland, United States 7/26/1866 George C. Stouffer Rescue Worker/ Captain
0%
New York, United States 8/9/1985 George Gershwin Entertainment
0%
Tséhootsooí, Naabeehó Bináhásdzo 12/21/2000 George H. Dennison Military
0%
Illinois, United States 9/24/1945 George J. Dufek Explorer
0%
Kingdom of Great Britain 3/3/1847 George Lambert Military
0%
Rhode Island, United States 6/29/1936 George M. Cohan Musician
0%
Massachusetts, United States 3/16/1867 George Peabody Financier
0%
New York, United States 9/30/1890 George W. De Long Explorer
0%
New York, United States 9/30/1890 George W. Melville Explorer
0%
Michigan, United States 5/23/1930 George W. Tennant Explorer
0%
Arkansas, United States 10/21/1998 Gloria Ray Karlmark Civil Rights
0%
California, United States 12/4/2020 Greg J. LeMond Sports
0%
Illinois, United States 7/2/1956 Gustaf E. Lambert Voluntary Human Experiment
0%
South Carolina, United States 12/15/2003 Harry Briggs, Sr. Civil Rights
0%
New York, United States 5/20/1986 Harry Chapin Entertainment
0%
Ohio, United States 2/9/1929 Herbert C. Rodd Aviator
0%
North Carolina, United States 1/16/2002 H. Hugh Shelton Military
0%
New Jersey, United States 4/23/1991 H. Norman Schwarzkopf, Jr. Military
0%
Texas, United States 8/7/1939 Howard Hughes Engineer
0%
Indiana, United States 12/16/2021 Humberto A. Sanchez Military
0%
California, United States 12/16/2021 Hunter Lopez Military
0%
Texas, United States 10/10/1978 Ira C. Eaker Military
0%
New York, United States 8/9/1985 Ira Gershwin Entertainment
0%
Connecticut Colony 1/29/1813 Isaac Hull Military
0%
Province of Maryland 4/4/1818 Isaac Shelby Military
0%
Newfoundland Colony 5/23/1930 Jacob "Jack" Bursey Explorer
0%
Pennsylvania, United States 2/22/1816 James Biddle Military
0%
United Kingdom of Great Britain and Ireland 2/28/1929 James Carroll Doctor
0%
Naatʼáanii Nééz, Naabeehó Bináhásdzo 12/21/2000 James Dixon Military
0%
Georgia, United States 2/28/1929 James Hildebrand Voluntary Human Experiment
0%
Rhode Island, United States 2/9/1929 James L. Breese, Jr. Aviator
0%
South Carolina, United States 2/28/1929 James L. Hanberry Voluntary Human Experiment
0%
Virginia, United States 9/30/1890 James M. Ambler Explorer/Surgeon
0%
Province of New Hampshire 11/3/1814 James Miller Military
0%
Missouri, United States 12/16/2021 Jared M. Schmitz Military
0%
Kingdom of Ireland (United Kingdom) 9/30/1890 Jerome J. Collins Journalist/Explorer/ Politician
0%
Maryland, United States 1/6/1814 Jesse Duncan Elliott Military
0%
Maryland, United States 2/28/1929 Jesse William Lazear Doctor
0%
Massachusetts, United States 12/16/2021 Johanny Rosario Pichardo Military
0%
Tséhootsooí, Naabeehó Bináhásdzo 12/21/2000 John A. Benally Military
0%
Rhode Island, United States 2/5/1883 John Fox Slater Philanthropist
0%
Colorado, United States 9/24/1945 John Glenn Dyer Explorer
0%
Georgia, United States 2/9/1929 John Henry Towers Aviator
0%
United Kingdom of Great Britain and Ireland 6/20/1874 4/28/1904 John Horn, Jr. Rescue Worker
0%
Mexico 2/28/1929 John J. Moran Voluntary Human Experiment
0%
Shą́ą́ʼtóhí, Naabeehó Bináhásdzo 12/21/2000 John "Junior" Willie, Jr. Military
0%
Tó Hałtsooí, Naabeehó Bináhásdzo 12/21/2000 Johnny R. Manuelito, Sr. Military
0%
Republic of Cuba in Arms 2/28/1929 John R. Bullard Doctor
0%
Kingdom of Ireland 11/3/1814 Johnston Blakeley Military
0%
Illinois, United States 9/30/1890 John W. Danenhower Explorer
0%
New York, United States 8/9/1955 Jonas Salk Doctor
0%
South Carolina, United States 12/15/2003 Joseph A. DeLaine Civil Rights
0%
California, United States 12/16/2021 Kareem M. Nikoui Military
0%
Rhode Island, United States 5/23/1930 Kennard F. Bubier Explorer
0%
California, United States 6/13/1979 Larry Newman Aviator
0%
Michigan, United States 5/23/1930 Laurence McKinley Gould Explorer
0%
South Carolina, United States 12/17/2018 Lawrence "Larry" Doby Sports
0%
Nebraska, United States 11/18/1983 Leo Ryan, Jr. Politician
0%
South Carolina, United States 2/28/1929 Levi Everett Folk Voluntary Human Experiment
0%
Virginia, United States 10/21/1814 Lewis Warrington Military
0%
Illinois, United States 5/29/1928 6/16/1936 Lincoln Ellsworth Explorer
0%
North Dakota, United States 8/26/1982 Louis L'Amour Entertainment
0%
Tséhootsooí, Naabeehó Bináhásdzo 12/21/2000 Lowell S. Damon Military
0%
New York, United States 6/20/1938 Margaret Chanler Aldrich Doctor
0%
Pennsylvania, United States 3/8/1977 Marian Anderson Entertainment
0%
Wisconsin, United States 12/24/1987 Mary W. Lasker Health
0%
Virginia, United States 11/5/1990 Matthew Ridgway Military
0%
Oklahoma, United States 6/13/1979 Maxie Anderson Aviator
0%
Ohio, United States 12/16/2021 Maxton W. Soviak Military
0%
Russian Empire 11/2/1994 Menachem Mendel Schneerson Religious
0%
Kingdom of Italy 8/7/2009 Michael Collins Space
0%
Louisiana, United States 10/2/2007 Michael E. DeBakey Doctor
0%
Iowa, United States 12/6/2006 Norman E. Borlaug Science
0%
Tsé Siʼání, Naabeehó Bináhásdzo 12/21/2000 Oscar B. Ilthma Military
0%
Illinois, United States 2/28/1929 Paul Hamann Voluntary Human Experiment
0%
Kingdom of Hanover 3/19/1914 Paul H. Kreibohm Rescue Worker/ Merchant
0%
Ohio, United States 5/23/1930 9/24/1945 Paul Siple Explorer
0%
Connecticut Colony 11/3/1814 Peter Buell Porter Military
0%
Massachusetts, United States 9/30/1890 Raymond L. Newcomb Naturalist/ Explorer
0%
Missouri, United States 9/24/1945 Richard Cruzen Explorer
0%
United States 7/26/1866 Robert Creighton Rescue Worker/ Captain
0%
Virginia, United States 10/20/1814 Robert Henley Military
0%
Puerto Rico, United States 5/14/1973 Roberto Clemente Sports
0%
Virginia, United States 2/28/1929 Robert P. Cooke Voluntary Human Experiment
0%
Louisiana, United States 9/2/1958 Roger P. Ames Doctor
0%
Vermont, United States 1/20/1942 Roland L. Boucher Saved Life
0%
Argentina 3/4/1915 Rómulo Sebastián Naón Diplomat
0%
Tséhootsooí, Naabeehó Bináhásdzo 12/21/2000 Roy L. Begay Military
0%
Missouri, United States 5/17/1984 Roy O. Wilkins Civil Rights
0%
Tennessee, United States 12/16/2021 Ryan C. Knauss Military
0%
Wyoming, United States 12/16/2021 Rylee J. McCollum Military
0%
Tennessee, United States 9/26/1962 Sam Rayburn Politician
0%
Tó Háálí, Naabeehó Bináhásdzo 12/21/2000 Samuel H. Nez Begay Military
0%
Missouri, United States 6/28/1902 Samuel J. Call Doctor/Rescue Worker
0%
Austria-Hungary 3/17/1980 Simon Wiesenthal Nazi Hunter/Holocaust Survivor
0%
Pennsylvania, United States 10/20/1814 Stephen Cassin Military
0%
Maryland, United States 1/29/1813 Stephen Decatur, Jr. Military
0%
Washington, United States 1/3/2019 Steve M. Gleason Sports
0%
Texas, United States 10/21/1998 Thelma Mothershed-Wair Civil Rights
0%
New York, United States 12/9/1999 Theodore Hesburgh Religious
0%
Missouri, United States 5/27/1961 Thomas Anthony Dooley III CIA Agent/Doctor
0%
Washington D.C., United States 2/28/1929 Thomas M. England Voluntary Human Experiment
0%
Province of New York 3/26/1800 Thomas Truxtun Military
0%
Kingdom of Italy 5/29/1928 Umberto Nobile Explorer
0%
Austria-Hungary 5/23/1930 Victor H. Czegka Explorer
0%
Minnesota, United States 2/28/1929 Wallace W. Forbes Voluntary Human Experiment
0%
Illinois, United States 5/24/1968 Walt Disney Entertainment
0%
Ohio, United States 2/9/1929 Walter Hinton Aviator
0%
Virginia, United States 2/28/1929 Walter Reed Doctor
0%
South Carolina, United States 2/28/1929 Warren G. Jernegan Voluntary Human Experiment
0%
Province of New Jersey 3/3/1813 William Bainbridge Military
0%
French Republic 8/8/1946 William "Billy" Lendrum Mitchell Military
0%
Ohio, United States 2/28/1929 William H. Dean Voluntary Human Experiment
0%
Lókʼaahnteel, Naabeehó Bináhásdzo 12/21/2000 William McCabe Military
0%
United States 9/30/1890 William M. Dunbar Explorer
0%
California, United States 2/28/1929 William Olsen Voluntary Human Experiment
0%
Florida, United States 6/15/1940 William Sinnott Saved Life
0%
Pennsylvania, United States 1/6/1814 William Ward Burrows II Military
0%
Canada 1/31/2022 Willie E. O'Ree Sports
0%
Tséyaaniichiiʼ, Naabeehó Bináhásdzo 12/21/2000 Wilsie H. Bitsie Military
0%
No matching quizzes found
Score Distribution
Percent of People with Each Score
Percentile by Number Answered
Your Score History
You have not taken this quiz